| 000 | 00435nam a22001697a 4500 | ||
|---|---|---|---|
| 005 | 20160616130719.0 | ||
| 008 | 160616b xxu||||| |||| 00| 0 eng d | ||
| 020 | _a81-259-1178-2 | ||
| 041 | _aeng | ||
| 082 | _b7993 | ||
| 100 |
_aRaghupathy, M and Krishna Murthy, S. _92045 |
||
| 245 | _aPersonal Quality | ||
| 260 |
_aNew Delhi _bVikas Publishing House (P) Ltd. _c2003 |
||
| 300 | _a158 | ||
| 650 |
_aManagement _9241 |
||
| 942 | _cBK | ||
| 999 |
_c2962 _d2961 |
||